|
|
|
|
| LEADER |
00000nam a2200000 a 4500 |
| 001 |
UCW0262 |
| 003 |
CL-VaPUC |
| 008 |
921023e19890000SP |||||||||||||||||spa|d |
| 082 |
0 |
4 |
|a 791.43
|b MOR
|2 21
|
| 100 |
|
|
|a Mordden, Ethan
|e autor
|9 304214
|
| 245 |
1 |
4 |
|a Los estudios de Hollywood: el estilo de la casa en la Edad de Oro del cine
|
| 300 |
|
|
|a 343 p
|
| 942 |
|
|
|c BK
|
| 945 |
|
|
|d 19921023 00:00:00
|
| 260 |
|
|
|a Barcelona
|b Ultramar
|c 1989
|
| 650 |
|
0 |
|a Cine
|9 225706
|
| 651 |
|
0 |
|a Estados Unidos
|9 255178
|
| 651 |
|
7 |
|a HOLLYWOOD, LOS ANGELES
|2 CL-VaPUC
|9 269373
|
| 583 |
|
|
|a last modification
|c 19921023 00:00:00
|k Rodrigo Vera
|
| 999 |
|
|
|c 215479
|d 215477
|
| 952 |
|
|
|0 0
|1 0
|4 0
|6 791_430000000000000_MOR_1989
|7 0
|8 R
|9 199805
|a BIBART
|b BIBART
|d 2019-11-14
|i 267078K
|o 791.43 MOR 1989
|p 267078K
|r 2025-03-13
|w 2019-11-14
|y BK_R
|k ART
|